[Event "Telecom op"]
[Site "Dublin"]
[Date "1992.??.??"]
[Round "?"]
[White "Brady, Stephen"]
[Black "Shabalov, Alexander"]
[Result "0-1"]
[WhiteElo "2320"]
[BlackElo "2540"]
[Annotator "ChessBase"]
[PlyCount "72"]
[EventDate "1992.??.??"]
[EventType "swiss"]
[EventRounds "6"]
[EventCountry "IRL"]
[SourceTitle "EXT 2000"]
[Source "ChessBase"]
[SourceDate "1999.11.16"]
[SourceVersion "1"]
[SourceVersionDate "1999.11.16"]
[SourceQuality "1"]

1. d4 d5 2. Nf3 Nf6 3. Bf4 c6 4. c3 Bg4 {This system is a real concrete
construction, but it's not Grandmaster-proof. The chief minus of White's
build-up is his dark-squared Bishop which is supposed to be bad in the endgame.
That's why black should avoid symmetry.} 5. Nbd2 Nbd7 6. e3 e6 7. h3 Bh5 8. Be2
Be7 9. O-O O-O 10. Re1 Re8 11. Nf1 {[#] Wrong way up! Two sensible plans were
available. First, and most unpleasant for Black, was11.Qb3 in view of 11...
Qb6=. So in order to continue the fight Black must play 11...Qc8, but the
Queen is not well placed on this square.} (11. b4 $5) 11... Bf8 (11... h6 12.
Bd3 $1) 12. Ng3 Bg6 13. Nh4 Be4 $5 {I'm testing my opponent. If now 14.Nf3
Black has nothing better than 14...Ng6 and after 15.Nh4 - 15...e5 when it's
close to a draw after 16.Nxg6 hxg6  17.dxe5 Nxe5 18.Qb3. Suddenly White starts
a fire.} 14. Nxe4 dxe4 $6 15. g4 h6 $2 {By strange reasoning I rejected 15...
Nxg4 which obviously leads to advantage  for Black.} (15... Nxg4 16. hxg4 Qxh4
17. g5 (17. Kg2 Qf6 18. Rh1 e5 19. dxe5 Nxe5 {To be followed by ...Ng6}) 17...
e5 18. dxe5 Nxe5 19. Kg2 Rad8 $1 20. Qc2 Nd3 $1) 16. Ng2 Qe7 17. Bg3 (17. Qb3
e5 $1) 17... e5 18. Qb3 exd4 19. cxd4 {If instead 19.exd4 Whites Kingside
becomes weakened, e.g. 19...Nb6 20.Ne3 Qd7 and ...Bd6, but after the text move
the Black Knight on d5 becomes a monster.} Nb6 20. Nf4 Qd7 21. a4 {21.Ng6 Bd6
22.Ne5 creates only a temporary inconvenience. Black would simply regroup by ..
.Qc7, ...Re6 and ...Nfd7.} Bd6 22. a5 Nbd5 23. Nxd5 Nxd5 24. Bxd6 Qxd6 25. Bc4
{White offered a draw at this point. The position is really very close to
equal but this move is not the best. 25.Rac1 holds the balance.} h5 $1 {
[#] Having a half-hour advantage on the clock, it's very tempting to start
complications like this. For a long time White defends perfectly.} 26. gxh5 Re6
27. Kg2 $1 Rh6 28. Be2 Qe7 29. Rg1 {At this point I had already considered my
shot at move 32 but over-estimated it. Better was 27...Rf8 with maybe ...
Re6-f6-f5 as a better route for the Rook} Qh4 {Black must not allow Kh2 - Rg3
- Rag1.} 30. Raf1 Rf6 31. Bg4 Re8 32. Qxb7 {[#] The only chance. Passive leads
to a collapse, e.g. 32.Qc2 Nf4! 33.Qe2 Nd3 and White can't escape. (34.f3 exf3
35.Rf3 Nf4+)} Rxf2+ 33. Rxf2 Nxe3+ 34. Kh1 Qxf2 35. Qxc6 $2 {Right idea, but
wrong move order. 35.h6! suddenly leads to a draw because of 35...g6 36.Qc6
Rb8 37.Qe4 Rb2 38.Qe5! and in view of mate Black has no time for 38...Ng4 so I
would have opted for 35...Ng4 and a draw by perpetual check.} Rb8 $1 {No
defence now!} 36. h6 Nxg4 0-1

[Event "Leningrad2"]
[Site "Leningrad"]
[Date "1989.??.??"]
[Round "?"]
[White "Pribyl, Josef"]
[Black "Yudasin, Leonid"]
[Result "0-1"]
[WhiteElo "2400"]
[BlackElo "2555"]
[Annotator "ChessBase"]
[PlyCount "58"]
[EventDate "1989.09.??"]
[EventType "tourn"]
[EventRounds "11"]
[EventCountry "URS"]
[EventCategory "9"]
[SourceTitle "CBM 015"]
[Source "ChessBase"]
[SourceDate "1990.04.01"]
[SourceVersion "1"]
[SourceVersionDate "1990.04.01"]
[SourceQuality "1"]

1. d4 Nf6 2. Nf3 d5 3. Bf4 c6 4. c3 g6 5. h3 Bg7 6. Nbd2 O-O 7. e3 Bf5 8. Be2
Nbd7 $6 {>= 8...Re8, 9...Nbd7MMM} 9. Qb3 $1 Qc8 10. g4 $5 Be4 11. Rg1 $5 (11.
c4 dxc4 12. Bxc4 Bd5) 11... Bxf3 12. Bxf3 a5 $1 13. a4 $2 (13. g5 Ne8 14. c4
$16) 13... e5 $1 14. dxe5 Nc5 15. exf6 (15. Qc2 Nfd7 16. c4 Na6) 15... Nxb3 16.
fxg7 Nxa1 17. gxf8=Q+ Qxf8 18. Ke2 Nc2 19. Kd3 Nb4+ 20. cxb4 Qxb4 21. b3 b5 22.
Ra1 c5 $1 23. Kc2 Rd8 24. axb5 c4 25. Rb1 Qxb5 26. bxc4 $2 {>= 26.Be5} Qa4+ 27.
Kc3 Qa3+ 28. Kd4 dxc4+ 29. Bd5 Qd3+ 0-1

[Event "Khanty-Mansiysk FIDE GP (Women)"]
[Site "Khanty-Mansiysk"]
[Date "2014.04.10"]
[Round "2"]
[White "Stefanova, Antoaneta"]
[Black "Ushenina, Anna"]
[Result "1-0"]
[WhiteElo "2489"]
[BlackElo "2501"]
[Annotator "ChessBase Website"]
[PlyCount "127"]
[EventDate "2014.04.09"]
[EventType "tourn"]
[EventRounds "11"]
[EventCountry "RUS"]
[EventCategory "10"]
[SourceTitle "CBM 160"]
[Source "ChessBase"]
[SourceDate "2014.05.15"]
[SourceVersion "1"]
[SourceVersionDate "2014.05.15"]
[SourceQuality "1"]
[TimeControl "40/5400+30:1800+30"]
[WhiteClock "1:30:00"]
[BlackClock "1:30:00"]

1. Nf3 {[%emt 0:00:00]} d5 {[%emt 0:00:00]} 2. g3 {[%emt 0:00:00]} Bg4 {
[%emt 0:00:37]} 3. Bg2 {[%emt 0:00:10]} c6 {[%emt 0:00:27]} 4. O-O {[%emt 0:00:
27]} Nd7 {[%emt 0:01:32]} 5. d4 {[%emt 0:00:25]} e6 {[%emt 0:01:29]} 6. Nbd2 {
[%emt 0:00:50]} Ngf6 {[%emt 0:02:13]} 7. Re1 {[%emt 0:00:07]} Be7 {[%emt 0:03:
12]} 8. e4 {[%emt 0:00:10]} O-O {[%emt 0:05:56]} 9. c3 {[%emt 0:00:06]} Bh5 {
[%emt 0:10:47]} 10. e5 {[%emt 0:03:48]} Ne8 {[%emt 0:00:33]} 11. Nb3 {[%emt 0:
01:18]} a5 {[%emt 0:13:26]} (11... Nc7 12. Be3 Na6 13. Nc1 c5 14. Nd3 cxd4 15.
Bxd4 Nab8 16. Qb3 Nb6 17. Nd2 Bg6 18. Nf4 Nc6 19. Nxg6 hxg6 20. Be3 d4 21. cxd4
Nxd4 22. Bxd4 Qxd4 23. Rad1 Rab8 24. Nb1 Qb4 25. Nc3 Rfd8 26. Rxd8+ Rxd8 27.
Qxb4 Bxb4 28. Rd1 Rxd1+ 29. Nxd1 Nc4 30. Bxb7 Nxe5 31. Kf1 Kf8 32. Ke2 Ke7 33.
h4 Bc5 34. Ba6 f5 35. a3 Ng4 36. b4 Bd4 37. Bb7 e5 38. Bc8 Kd8 39. Be6 Ke7 40.
Bc8 Kd8 41. Be6 {Kokarev,D (2625)-Bukavshin,I (2578) Taganrog 2014 1/2-1/2})
12. Be3 {[%emt 0:03:15]} Nc7 {[%emt 0:06:34]} 13. Nc1 {[%emt 0:11:19]} c5 $146
{[%emt 0:09:25]} (13... a4 14. Nd3 c5 15. dxc5 Na6 16. Bd4 Naxc5 17. Nf4 Bg4
18. h3 Bf5 19. Bxc5 Bxc5 20. Nh4 Bg6 21. Nhxg6 hxg6 22. Qg4 Qc7 23. Nd3 Be7 24.
a3 Nc5 25. Rad1 Qb6 26. Nb4 Na6 27. Bf1 Nc5 28. Bg2 Nb3 29. Nd3 Nc5 30. Nb4 Nb3
{1/2-1/2 (30) Rapport,R (2543)-Ragger,M (2655) Austria 2012}) 14. Nd3 {[%emt 0:
01:56]} cxd4 {[%emt 0:03:35]} 15. cxd4 {[%emt 0:06:56]} Nb6 {[%emt 0:01:51]}
16. Nf4 {[%emt 0:05:39]} Bg4 {[%emt 0:01:24]} 17. h3 {[%emt 0:00:54]} Bf5 {
[%emt 0:00:04]} 18. Nd2 {[%emt 0:00:33]} Na6 {[%emt 0:02:21]} 19. g4 {[%emt 0:
03:09]} Bg6 {[%emt 0:00:09]} 20. a3 {[%emt 0:08:42]} a4 {[%emt 0:03:30]} 21.
Rc1 {[%emt 0:16:01]} Nb8 {[%emt 0:04:08]} 22. Bf1 {[%emt 0:06:35]} Nc6 {
[%emt 0:10:23]} 23. Nd3 {[%emt 0:04:33]} Nd7 {[%emt 0:11:16]} 24. Nf4 {[%emt 0:
05:10]} Nb6 {[%emt 0:00:46]} 25. Nf3 {[%emt 0:06:22]} Na5 {[%emt 0:00:53]} 26.
Nd2 {[%emt 0:00:34]} Qd7 {[%emt 0:00:52]} 27. Nxg6 {[%emt 0:00:53]} fxg6 {
[%emt 0:00:10]} 28. Bd3 {[%emt 0:00:46]} Rac8 {[%emt 0:01:41]} 29. Qe2 {
[%emt 0:01:24]} Rxc1 {[%emt 0:00:17]} 30. Rxc1 {[%emt 0:00:01]} Rc8 {[%emt 0:
00:06]} 31. Rxc8+ {[%emt 0:07:22]} Qxc8 {[%emt 0:00:02]} 32. f4 {[%emt 0:00:05]
} Nbc4 {[%emt 0:03:10]} 33. Nxc4 {[%emt 0:01:30]} Nxc4 {[%emt 0:00:07]} 34. Bf2
{[%emt 0:01:53]} b5 {[%emt 0:01:57]} 35. f5 {[%emt 0:00:55]} gxf5 {[%emt 0:00:
43]} 36. gxf5 {[%emt 0:00:02]} b4 {[%emt 0:01:27]} 37. axb4 {[%emt 0:02:37]}
Bxb4 {[%emt 0:00:17]} 38. Qc2 {[%emt 0:00:56]} Nb6 {[%emt 0:01:04]} 39. Qxc8+ {
[%emt 0:00:56]} Nxc8 {[%emt 0:00:01]} 40. fxe6 {[%emt 0:00:00] White's
positional advantages transformed into an extra pawn in the endgame. This
coupled with the pair of bishops gave her great winning chances, but the
conversion was far from trivial. Unlike yesterday, this time Stefanova was
spot on and she slowly pushed Ushenina back until the Bulgarian took the full
point.} h6 {[%emt 0:00:00]} 41. Bb5 {[%emt 0:07:08]} Bc3 {[%emt 0:08:01]} 42.
Bxa4 {[%emt 0:05:35]} Bxb2 {[%emt 0:00:11]} 43. Kg2 {[%emt 0:05:24]} Kf8 {
[%emt 0:01:49]} 44. Kf3 {[%emt 0:02:24]} Ke7 {[%emt 0:00:33]} 45. Bd7 {[%emt 0:
00:48]} Nb6 {[%emt 0:00:06]} 46. Kg4 {[%emt 0:00:51]} g6 {[%emt 0:19:43]} 47.
Bh4+ {[%emt 0:00:29]} g5 {[%emt 0:00:02]} 48. Bf2 {[%emt 0:00:05]} Nc4 {
[%emt 0:02:01]} 49. Kh5 {[%emt 0:04:01]} Bc1 {[%emt 0:02:30]} 50. Kxh6 {
[%emt 0:02:18]} Ne3 {[%emt 0:00:05]} 51. Kh5 {[%emt 0:05:39]} Ng2 {[%emt 0:00:
23]} 52. Kg4 {[%emt 0:00:23]} Bd2 {[%emt 0:00:47]} 53. Bc8 {[%emt 0:00:57]} Bc1
{[%emt 0:00:39]} 54. Bg3 {[%emt 0:00:53]} Bd2 {[%emt 0:00:29]} 55. Kf3 {
[%emt 0:00:32]} Nh4+ {[%emt 0:00:43]} 56. Ke2 {[%emt 0:00:19]} Ba5 {[%emt 0:00:
38]} 57. Bf2 {[%emt 0:00:31]} Bb4 {[%emt 0:00:08]} 58. Be3 {[%emt 0:00:22]} Nf5
{[%emt 0:00:27]} 59. Bxg5+ {[%emt 0:00:10]} Kf8 {[%emt 0:00:17]} 60. Kd3 {
[%emt 0:00:15]} Be1 {[%emt 0:00:20]} 61. Bb7 {[%emt 0:01:23]} Bf2 {[%emt 0:00:
17]} 62. e7+ {[%emt 0:00:46]} Nxe7 {[%emt 0:00:12]} 63. Bxe7+ {[%emt 0:00:09]}
Kxe7 {[%emt 0:00:04]} 64. Bxd5 {[%emt 0:00:04]} 1-0

[Event "Mondariz zt 1.1"]
[Site "Mondariz"]
[Date "2000.09.06"]
[Round "4"]
[White "Chuchelov, Vladimir"]
[Black "Godena, Michele"]
[Result "1/2-1/2"]
[WhiteElo "2535"]
[BlackElo "2485"]
[Annotator "Chuchelov,V"]
[PlyCount "59"]
[EventDate "2000.09.03"]
[EventType "swiss"]
[EventRounds "11"]
[EventCountry "ESP"]
[SourceTitle "CBM 079"]
[Source "ChessBase"]
[SourceDate "2000.11.21"]
[SourceVersion "1"]
[SourceVersionDate "2000.11.21"]
[SourceQuality "1"]

1. Nf3 d5 2. g3 Nc6 3. d4 Bf5 4. Bg2 Nb4 5. Na3 e6 6. O-O Be7 7. c3 Na6 8. Qb3
Qc8 9. Bg5 $5 $146 (9. Re1 c6 (9... h6 10. Nd2) (9... Nf6 10. Nh4) 10. Bg5 Be4
(10... h6 11. Bxe7 Nxe7 12. Nd2 $10) 11. Bxe7 Nxe7 12. Nb1 $1 Bxf3 13. Bxf3 O-O
14. e4 Rd8 15. Na3 $5 (15. Nd2 c5 16. exd5 Nxd5 17. dxc5 Nxc5 18. Qc2 $10)
15... c5 $6 (15... Nc7 {(Bareev,E) /\ Ne8-f6~~}) 16. exd5 Nxd5 17. Rad1 $14 {
Bareev,E-Morozevich,A/Russia (ch) 1995/Inf 65/[Bareev,E]}) 9... Bxg5 (9... h6
10. Bxe7 Nxe7 11. Nd2 O-O 12. e4 dxe4 13. Nxe4 $14) 10. Nxg5 Nf6 11. e4 $5 Nxe4
(11... dxe4 12. Qa4+ (12. Rfe1) 12... c6 13. Nc4 O-O 14. Nd6 Qc7 15. Ngxe4 Nxe4
16. Nxe4 $14) 12. Nxe4 Bxe4 13. Bxe4 dxe4 14. Rae1 O-O 15. Rxe4 Rb8 $5 16. Qb5
$5 (16. Rfe1 b5 $132) 16... c5 17. Rd1 $14 b6 18. Qe2 Qb7 $6 (18... Rd8 $5 19.
Nb5 $140 Nc7 20. Nxa7 $2 Qb7) 19. Nb5 (19. d5 $5 Rbd8 $1 (19... exd5 20. Re7
Qc8 21. Nb5 $16) (19... Rfd8 20. d6 b5 21. c4 bxc4 22. Nxc4 Nb4 23. Rg4 $36)
20. d6 Nc7 $13 21. Rh4 $140 Ne8) 19... Rbd8 20. Rh4 Nb8 $138 (20... Nc7) 21.
dxc5 Rxd1+ 22. Qxd1 bxc5 23. Qc2 h6 24. Nd6 Qd5 $1 (24... Qa6 25. Ne4 Qxa2 $2
26. Nf6+ $1 gxf6 27. Rg4+ Kh8 28. Qc1 Kh7 29. Rh4 $18) 25. Nc4 Rd8 26. Ne3 Qc6
(26... Qd2 27. Qxd2 Rxd2 28. Ra4 Rxb2 29. Rxa7 Nc6 30. Ra8+ Kh7 31. a4 Ne5 $132
) 27. Ra4 Nd7 28. Qe4 (28. Rxa7 Ne5 29. Qa4 Nf3+ 30. Kg2 Ne1+ 31. Kg1 Nf3+ $11)
28... Qxe4 29. Rxe4 Nb6 30. Re5 1/2-1/2

[Event "GER-ch 72nd"]
[Site "Heringsdorf"]
[Date "2000.11.23"]
[Round "7"]
[White "Graf, Alexander"]
[Black "Rabiega, Robert"]
[Result "0-1"]
[WhiteElo "2642"]
[BlackElo "2487"]
[Annotator "Dautov,R"]
[PlyCount "76"]
[EventDate "2000.11.17"]
[EventType "swiss"]
[EventRounds "9"]
[EventCountry "GER"]
[SourceTitle "CBM 080"]
[Source "ChessBase"]
[SourceDate "2001.01.25"]
[SourceVersion "1"]
[SourceVersionDate "2001.01.25"]
[SourceQuality "1"]

{Diese Partie war von entscheidender Bedeutung für den Ausgang der
diesjährigen Deutschen Einzelmeisterschaft. A.Nenashev führte mit 5 aus 6 und
im Falle seines Sieges wäre ihm der Meistertitel fast sicher. Auch ein Remis
würde ihm seine bequeme Führungsposition. Doch es kam anders, R.Rabiega gewann
in großem Stil und setzte damit seine fulminante Siegesserie fort (4 aus 4 in
den letzten Partien!), die ihm zum Meistertitel verhalf.} 1. d4 d5 2. c4 Nc6 3.
Nf3 Bg4 4. Nc3 e6 5. Bf4 Bb4 (5... dxc4 6. e3 Bd6 7. Bg3 Nf6 8. Bxc4 O-O 9. Be2
Ne7 10. Qb3 Ned5 11. Bh4 Be7 12. Rc1 Nxc3 13. Rxc3 $14 {Nenashev,A-Miladinovic,
I/Poros 1998}) (5... Bxf3 6. gxf3 Bd6 7. Bg3 Nge7 8. e3 Qd7 9. Qc2 f5 10. Bxd6
Qxd6 11. O-O-O O-O 12. f4 a6 13. Kb1 Nd8 14. Rg1 c6 15. Ne2 Nf7 16. Nc1 $14 {
Kramnik,V-Morozevich,A/Frankfurt 2000}) 6. e3 Nf6 (6... Nge7 7. Rc1 O-O 8. Bd3
dxc4 $2 9. Bxh7+ Kh8 10. Bb1 Nd5 11. Bg3 Nce7 12. O-O c6 13. Qc2 $16 {Topalov,
V-Rabiega,R/Frankfurt 2000}) 7. Rc1 O-O 8. h3 Bxf3 9. Qxf3 Bxc3+ $1 $146 {
Diese Empfehlung von Kostakiev stellt eine wichtige Verbesserung gegenüber der
Stammpartie Kramnik-Ivanchuk dar.} (9... Qe7 10. Bg5 Bxc3+ 11. Rxc3 Qb4 12.
Bxf6 Qxb2 13. Rb3 Qc1+ 14. Qd1 Qxd1+ 15. Kxd1 dxc4 16. Rxb7 gxf6 17. Kd2 Rab8
18. Rxc7 Na5 19. Kc2 $14 {Kramnik,V-Ivanchuk,V/Linares 1998}) 10. Rxc3 $2 {
Konsequent, aber falsch. Schwarz entfaltet danach eine gefährliche Initiative.}
({Besser war das umsichtige} 10. bxc3 $1 Qe7 11. cxd5 Nxd5 (11... exd5 12. Bd3)
12. Bc4 $14) 10... Ne4 11. Rc1 e5 $1 12. dxe5 Qe7 13. Qd1 (13. a3 Nxe5 14. Bxe5
Qxe5 15. Rc2 d4 $1 $132 {(Kostakiev).}) 13... Nxe5 $1 $15 {Einfach und stark.}
({Weniger klar ist} 13... Qb4+ 14. Ke2 Qxb2+ 15. Qc2 (15. Rc2 $4 Nc3+ 16. Kd2
Nxd1 $19) 15... Qxc2+ 16. Rxc2 d4 17. Rb2 Nc5 $36 {, obwohl der Schwarze im
Endspiel die Initiative behält.}) 14. a3 ({Weiß konnte das Gleichgewicht nicht
aufrechthalten:} 14. Bxe5 Qxe5 15. Bd3 (15. Rc2 d4 $1 $17 {/\Qa5}) (15. Qd4
Qxd4 16. exd4 Rfe8 17. Be2 dxc4 18. Rxc4 Re7 $17) 15... Qxb2 16. O-O Rad8 $1 (
16... c6 $2 17. cxd5 cxd5 18. Bxe4 dxe4 19. Qd5 $11) 17. cxd5 Rxd5 18. Rxc7 Qa3
(18... Qe5 19. Qc2 $11) 19. Bxe4 Rxd1 20. Rxd1 Qxa2 $17) 14... Ng6 15. Qf3 (15.
Bh2 d4 $1 16. Qxd4 $4 (16. Qf3 Rad8 $17) 16... Rfd8 $19) 15... Qf6 16. Rc2 Nxf4
17. cxd5 $4 {Der entscheidende Fehler, Weiß verliert zu viel Material.} ({
Zu einem schlechteren, aber haltbaren Endspiel führte} 17. Qxf4 $1 Qxf4 18.
exf4 Rfe8 19. Kd1 Rad8 20. Kc1 d4 21. Bd3 Nc5 22. Rd1 $15) 17... Rfe8 $19 18.
Qxf4 Qxf4 19. exf4 Ng3+ 20. Be2 Nxh1 21. Kf1 c6 22. dxc6 Rac8 23. Bf3 bxc6 24.
b4 Rcd8 25. g4 Rd3 26. Kg2 Re1 27. b5 c5 28. a4 g6 29. a5 Rb3 30. Bc6 Reb1 31.
Rxc5 R3b2 32. Kf3 Nxf2 33. Rd5 Nxh3 34. Rd8+ Kg7 35. Rd7 Rb3+ 36. Ke4 Rb4+ 37.
Kd5 Rxb5+ 38. Bxb5 Rxb5+ 0-1

[Event "Biel"]
[Site "Biel"]
[Date "1986.07.23"]
[Round "4"]
[White "Hug, Werner"]
[Black "Miles, Anthony John"]
[Result "1/2-1/2"]
[WhiteElo "2455"]
[BlackElo "2570"]
[Annotator "Dolmatov,S"]
[PlyCount "131"]
[EventDate "1986.07.20"]
[EventType "tourn"]
[EventRounds "11"]
[EventCountry "SUI"]
[EventCategory "12"]
[SourceTitle "MCL"]
[Source "ChessBase"]
[SourceDate "1999.07.01"]
[SourceVersion "1"]
[SourceVersionDate "1999.07.01"]
[SourceQuality "1"]

1. Nf3 Nf6 2. g3 d5 3. Bg2 c6 4. O-O Bg4 5. d4 (5. b3 Nbd7 6. Bb2) (5. d3 Nbd7
6. Nbd2 e5 7. e4 Bd6 $10) 5... e6 6. Nbd2 Nbd7 7. Re1 Be7 $10 8. e4 dxe4 9.
Nxe4 O-O 10. c3 Qb6 11. Qb3 Nxe4 12. Rxe4 Bf5 13. Re1 a5 14. Ne5 a4 15. Qxb6 $6
(15. Nxd7 Qc7 (15... axb3 $2 16. Nxb6 Rxa2 17. Bf4 $18) 16. Qc4 Qxd7 17. Bf4
$10) 15... Nxb6 16. g4 Bg6 17. Bf4 Nd5 18. Nxg6 hxg6 19. Bxd5 (19. Bd2 Bd6 $15)
19... cxd5 $15 20. a3 g5 21. Bg3 Ra6 22. Kg2 Rc8 23. Re2 g6 24. f4 gxf4 25.
Bxf4 g5 26. Bg3 Kg7 27. Rf1 Kg6 28. Ref2 Rf8 29. Re2 Bd8 {/\f5} 30. Rfe1 Rb6
31. h3 Rh8 32. Rf1 Rc6 33. Rfe1 Bc7 34. Bxc7 Rxc7 35. Re3 Rh6 36. Rf3 Kg7 37.
Re5 (37. Ref1 $32 $15) 37... Rg6 38. Rf2 Rc8 39. Re3 Rf6 40. Re5 Rxf2+ 41. Kxf2
Kf6 42. Kg3 Rg8 $17 43. Re3 Ke7 44. Rf3 Rg6 45. Re3 Kd6 (45... Rf6 46. Re5 Rf1
47. Rxg5 Rb1 48. h4 Rxb2 49. h5 Rb3 50. h6 Rxc3+ 51. Kg2 (51. Kh4 Rc1 52. Rh5
Rh1+ 53. Kg5 Rxh5+ 54. gxh5 Kf8 55. Kf6 Kg8 56. h7+ Kxh7 57. Kxf7 b5 $19) 51...
Rc8 $17) (45... b5) 46. Rf3 Rg7 47. Kf2 Rh7 (47... Kc6 $5 48. Ke2 Kb5 49. Kd3
Rh7 50. Re3 (50. Kd2 Kc4 51. Kc2 b6 52. Re3 Rh6 53. Rf3 f6 $17) 50... f5 $17)
48. Ke2 Ke7 (48... Kc6 49. Kd3 Kb5 $17) 49. Kd3 b5 50. Ke2 Rh6 51. Re3 Kd6 (
51... Rf6 52. Re5) 52. Rf3 f6 53. Kf2 e5 54. Kg3 e4 $10 55. Rf1 Ke6 56. Rf2 Rh8
57. Kg2 Rf8 58. Rf5 Rc8 59. Rf2 Rc4 60. Rd2 Rc6 61. Rf2 Kd7 62. Kg3 Re6 63. Kg2
Kc6 64. Kf1 Kc7 65. Rf5 Rd6 66. Rf2 1/2-1/2

[Event "Bundesliga 9697"]
[Site "Germany"]
[Date "1997.05.??"]
[Round "?.1"]
[White "Vaganian, Rafael A"]
[Black "Donev, Ivo Hristov"]
[Result "1-0"]
[WhiteElo "2590"]
[BlackElo "2420"]
[Annotator "Donev,I"]
[PlyCount "87"]
[EventDate "1996.10.12"]
[EventType "team-tourn"]
[EventRounds "15"]
[EventCountry "GER"]
[SourceTitle "GER-chT"]
[Source "ChessBase"]
[SourceDate "1999.07.01"]
[SourceVersion "1"]
[SourceVersionDate "1999.07.01"]
[SourceQuality "1"]
[WhiteTeam "Porz"]
[BlackTeam "Eppingen"]
[WhiteTeamCountry "GER"]
[BlackTeamCountry "GER"]

1. Nf3 d5 2. g3 Nc6 3. d4 (3. d3 e5 4. Bg2 Nf6 {Pirc mit vertauschten Farben.})
3... Bf5 4. Bg2 Nb4 5. Na3 e6 6. O-O Nf6 7. Nh4 Bg4 8. c4 Be7 (8... c6) 9. h3
Bh5 10. g4 (10. cxd5 exd5 11. Nf5 O-O 12. Nxe7+ Qxe7 13. Re1 Rfe8) 10... Bg6
11. cxd5 exd5 12. Bd2 $1 {[%cal Yd2c3]} c6 13. f3 O-O 14. Nxg6 hxg6 15. Bc3 $1
{Sehr stark gespielt.Jetzt droht Weiß den Bauernmarsch im Zentrum mittels
e2-e4-e5, f4 u.s.w.} Na6 (15... g5 16. Qd2 {[%cal Yd2g5,Yd2b4]} Na6 17. Qxg5
Ne4 18. Qe3 Nxc3 19. Qxc3) 16. e4 g5 17. h4 $1 {GM Vaganjan spielt sehr
schnell und mutig.In dieser Moment er hätte schon 12,5 aus 13 Partien in seine
konto.Es war nicht einfach seine Angriff ambitionen zu neutralisieren.} (17. e5
Nh7 18. Nc2 Re8 {[%cal Yh7f8,Yf8g6,Ya6c7,Yc7e6]}) 17... gxh4 (17... dxe4 18.
fxe4 gxh4 19. g5) 18. e5 Nd7 (18... Ne8 $5 19. f4 g5 20. Nc2 Ng7) 19. f4 {
Natürlich für die geopferte Bauern hat Vaganjan kompensation.} g5 $1 (19... Nc7
$2 20. f5 $1) 20. Nc2 (20. f5 f6 21. e6 Nb6 $15) 20... gxf4 $6 {Zu schnell
gespielt.Schade das ich der 20...Nc7 unterschätzt habe.Jetzt wird der weiße
Turm zu aktiv.} (20... Nc7 $142 $1 21. fxg5 Bxg5 $15) 21. Rxf4 Nc7 (21... Bg5
22. Rf5 Nc7 23. Qf3) 22. g5 $1 Ne6 (22... Bxg5 23. Qg4 (23. Rf5 Ne6 24. Qg4 Kh8
25. Bb4) 23... Ne6 24. Rf5 $18) 23. Rxh4 Bxg5 24. Rh3 Kg7 (24... Nf4 25. Rg3)
25. Qf3 (25. Ne3 Bxe3+ 26. Rxe3 Qg5 27. Qe1 Nf4 28. Rg3 Ne2+ $1 $17) 25... Rh8
26. Rf1 Qe7 27. Rg3 Rh7 (27... Rag8 28. Ne3 Kf8 29. Nf5) 28. Ne3 Kh8 29. Nf5
Qf8 30. Rh3 Qg8 31. Kf2 Ndf8 32. Rfh1 Qg6 33. Rxh7+ Nxh7 34. Bh3 Rg8 35. Bg4 {
In dieser Moment habe ich weniger Sekunden für die restliche 5 Züge.Meine
nächste Zug ist entscheidende Fehler.} Ng7 $2 $16 (35... Bf4 $142 36. Nd6 Qc2+
$13) 36. Kf1 b6 37. b4 c5 38. Be1 cxd4 39. Nxg7 Rxg7 40. Bf5 $18 Qc6 41. Qh3
Bh4 42. Bxh4 Qc1+ 43. Be1 Qf4+ 44. Ke2 1-0

[Event "EU-Cup 10th final"]
[Site "Lyon"]
[Date "1994.11.18"]
[Round "1"]
[White "Sharif, Mershad"]
[Black "Grabliauskas, Virginijus"]
[Result "1-0"]
[WhiteElo "2455"]
[BlackElo "2425"]
[Annotator "Dorfman,J"]
[PlyCount "77"]
[EventDate "1994.11.18"]
[EventType "team-k.o."]
[EventRounds "3"]
[EventCountry "FRA"]
[SourceTitle "EXT 2020"]
[Source "ChessBase"]
[SourceDate "2019.10.17"]
[SourceVersion "1"]
[SourceVersionDate "2019.10.17"]
[SourceQuality "1"]
[WhiteTeam "Lyon-Oyonnax Echecs"]
[BlackTeam "Vilnius Kaise"]
[WhiteTeamCountry "FRA"]
[BlackTeamCountry "LTU"]

1. d4 d5 2. Nf3 Nf6 3. Bf4 Bf5 4. e3 e6 5. c4 Nbd7 (5... Bxb1 $142 {!} 6. Rxb1
Bb4+) 6. Nc3 c6 (6... Bd6 7. Bg5 {/\e4} Be7) 7. Qb3 Qb6 (7... b6 8. cxd5 exd5
9. Ba6 {+=}) (7... Qc8 8. cxd5 exd5 9. Rc1 Be7 10. Nb5 {+=}) 8. c5 Qxb3 9. axb3
{/\b3-b4-b5} a6 10. h3 h6 (10... O-O-O $2 11. Rxa6 $1 bxa6 $4 12. Bxa6#) (10...
Ne4 $142 {!} 11. Nxe4 Bxe4 12. Nd2 f6 13. b4 (13. Nxe4 dxe4 14. b4 Rc8) 13...
Bc2 14. Rc1 Ba4 15. b3 Bb5 16. Bxb5 axb5 {=}) 11. b4 Rc8 (11... Ne4 $2 12. b5
$1) 12. Nd2 Be7 13. Nb3 Bd8 14. Na5 Bxa5 15. bxa5 Kd8 16. f3 (16. Ra3 $142 Ne8
$1 {/\Ne8-c7-b5}) 16... Re8 $2 (16... Ne8 $142) 17. g4 Bh7 18. Kd2 e5 19. Bg3
Re7 20. Ra4 Kc7 (20... Ne8 21. Rb4) 21. Rb4 Rce8 22. Be2 Kc8 23. Ra1 {The aim
is Pb7.} Ng8 24. Ra3 f5 25. gxf5 Bxf5 26. Rab3 Bxh3 27. Rxb7 Nxc5 28. dxc5 Rxb7
29. Bxa6 Ree7 30. Rxb7 Rxb7 31. Bxe5 $1 (31. Nxd5) 31... Bf1 32. Bxf1 Rxb2+ 33.
Kc1 Rb4 34. a6 Rh4 35. Kc2 Nf6 36. Bd3 {/\Bf5+} Rh5 37. Bf4 Rh1 38. Bf5+ Kd8
39. Kb2 1-0